| 000 | | | 05844cbm2a2200000#x 450 |
| 001 | | | 7f3e5cec-5a4a-45f0-a0e6-d60e50fe0607 |
| 005 | | | 20221004105835.0 |
| 100 | ## | $a | 20131004l18461846k y0rusy0189 ca |
| 101 | 0# | $a | rus |
| 102 | ## | $a | RU |
| 210 | ## | $d | 1846 |
| 225 | 0# | $a | Фонд Техническо-строительный комитет МВД |
| | $h | Опись № 166 |
| | $i | Забайкальская область |
| 324 | ## | $a | Графика |
| 801 | #0 | $a | RU |
| | $b | РГИА |
| | $c | 20131004 |
| 801 | #1 | $a | RU |
| | $b | ГлавНИВЦ |
| | $c | 20131004 |
| | $2 | rusmarc |
| 801 | #2 | $a | RU |
| | $b | ПБ им. Б.Н. Ельцина |
| | $c | 20131006 |
| | $g | RCR |
| | $2 | rusmarc |
| 850 | ## | $a | Федеральное казенное учреждение "Российский государственный исторический архив" (РГИА) |
| 852 | ## | $a | РГИА |
| | $j | 7 |
| 937 | ## | $a | ASBIBLIO_SCAN |
| | $b | РГИА_1293:_166:Забайкальская обл_7: |
| | $d | 5605521 |
| | $h | РГИА |
| 200 | 1# | $a | Забайкальская область. План на устройство гор. Верхнеудинска |
| | $j | 1846 |
| 215 | ## | $a | 2 листа |
| 035 | ## | $a | 7f3e5cec-5a4a-45f0-a0e6-d60e50fe0607 |
| 122 | 0# | $a | d1846###### |
| 251 | ## | $c | Дело |
| 120 | ## | $a | baa |
| 121 | ## | $a | a aaaa a |
| 123 | 1# | $a | a |
| 124 | ## | $a | a |
| | $b | j |
| 461 | #0 | $1 | 001597a3917-b61a-443f-a337-cac2b95e7413 |
| | $1 | 2001 |
| | $a | Техническо-строительный комитет МВД |
| | $1 | 251 |
| | $c | Фонд |
| | $1 | 852 |
| | $j | 1293 |
| 462 | #0 | $1 | 00148da3860-b898-4404-9dba-2fe58849e500 |
| | $1 | 2001 |
| | $a | 1786-1917 гг. |
| | $v | Д. 7 |
| | $1 | 251 |
| | $c | Опись |
| | $1 | 852 |
| | $j | 166 |
| 509 | 00 | $a | Верхнеудинск |
| | $h | город |
| | $l | План |
| 509 | 00 | $a | Улан-Удэ |
| | $h | город |
| | $l | План |
| 607 | ## | $2 | nlr_sh |
| | $3 | RU\NLR\AUTH\66588732 |
| | $a | Улан-Удэ, город (Бурятия) |
| | $j | Планы |
| 605 | ## | $2 | acquisition_Prlib |
| | $3 | LIBNET\UAF\0000063677 |
| | $a | Территория России: Республика Бурятия |
| | $l | коллекция |
| 605 | ## | $a | Республика Бурятия: страницы истории |
| | $l | коллекция |
| | $2 | acquisition_Prlib |
| | $3 | LIBNET\UAF\0000013024 |
| 605 | ## | $a | Территория |
| | $l | коллекция |
| | $2 | acquisition_Prlib |
| | $3 | DITM\AF\0000004675 |
| 617 | ## | $2 | prlib_sh |
| | $b | Бурятия, Республика |
| 617 | ## | $b | Забайкальская область |
| | $2 | prlib_sh |
| 617 | ## | $b | Иркутская губерния |
| | $2 | prlib_sh |
| 686 | ## | $2 | rubbk |
| | $a | 63.3(28-8Ирк)52я64 |
| | $v | LBC/M |
| 856 | 4# | $u | http://www.prlib.ru/Lib/pages/item.aspx?itemid=140959 |